Регионална библиотека "Любен Каравелов" - Русе

Маркетинг (Запис номер 179284)

MARC детайли
000 -Лидер
Контролно поле с фиксирана дължина nam a22 a 4500
003 - Код на организацията, давaща контролен номер
Контролно поле BLK
005 - Дата и час на последна редакция
Контролно поле 20220909150952.0
008 - Елементи от данни с фиксирана дължина
fixed length control field 180411b bul|||||r ||||||| ||bul||
010 ## - Наследен системен номер
LC control number KNG00188063000
020 ## - Международен стандартен номер на книга ISBN
Международен стандартен номер на книга ISBN 9789546443106
040 ## - Източник на каталожния запис
Идентификатор на билиотеката - собственик на записа BLK
041 ## - Код за език
Код за езика на текст/звукозапис или на отделно заглавие Български
Код за езика КДБФ Български
080 ## - УДК
Текстов определител УДК Пазар. Анализ на пазара. Търсене. Предлагане. Конкуренция. Маркетингова логистика
УДК код - определител по УДК 339.13
УДК определител (075.8)
УДК - код + определител 339.13(075.8)
139 ## - Редно поле
Редна дума Маркетинг
Авторски знак Марк - М 32
245 10 - Сведения за заглавието
Заглавие Маркетинг
Редно поле (дума) Симеон Желев и др. ; състав. Симеон Желев, Галина Младенова
250 ## - Област на изданието
Сведения за изданието [5. изд.]
257 ## - Страна на издаване
Страна на създаване/издаване България
260 ## - Област на издателските данни
Място на издаване, разпространение и проч. София
Име на издателя, разпространителя и проч. УНСС
Година на издаване 2013
300 ## - Физическа характеристика
Страници 644 с.
Илюстрации и др. с табл., сх.
Размери/Мащаб 24 см
380 ## - Жанр
Жанр Обществени науки
500 ## - Общи забележки
Забележка Други авт.: Галина Младенова, Боян Дуранкев, Свободка Класова, Станка Тонкова, Велина Балева, Пенчо Иванов, Христо Катранджиев, Християн Танушев, Красимир Маринов, Татяна Нецева, Николай Цонев, Николай Ванков, Елена Найденова. - 1. изд. 1999 по данни от док.
504 ## - Забележка за наличие на библиография и др
Забележка за наличие на библиография и под. Библиогр. с. 643 и след отд. гл.
650 #4 - Допълнително описание по предмет – тема
Основно описание – тема или топоним Маркетинг - учебници за ВУЗ
9 (RLIN) 242328
653 ## - Ключова дума – ненормативна
Ключова дума маркетинг
653 ## - Ключова дума – ненормативна
Ключова дума учебници за ВУЗ
659 ## - Тематичен бюлетин
Тематичен бюлетин Н
700 1# - Други автори (авторска отговорност)
Лично име Желев, Симеон Денев
Автороска отговорност (Описва отношението между автора и произведението) състав.
9 (RLIN) 383323
700 1# - Други автори (авторска отговорност)
Лично име Младенова, Галина Пенчева
Автороска отговорност (Описва отношението между автора и произведението) състав.
9 (RLIN) 383604
852 ## - Местоположение
Форматна сигнатура Цб 314281
Фондова буква Хранилище
999 ## - СИСТЕМНИ КОНТРОЛНИ НОМЕРА
Koha biblionumber 179284
Koha biblioitemnumber 179284
942 ## - АРТИКУЛИ
Вид на библиотечния материал Книги
Скрит в OPAC Не
Koha issues (borrowed), all copies 7
Периодичен библиозапис Да
944 ## - СЪЗДАВАНЕ И РЕДАКЦИЯ на ЗАПИСА
Създаване/Редакция Създаване
Дата на регистрацията/редакция 30.05.2016
Служител, извършил регистрацията/редакцията Виолета_Тройчева
944 ## - СЪЗДАВАНЕ И РЕДАКЦИЯ на ЗАПИСА
Създаване/Редакция Редакция
Дата на регистрацията/редакция 2022-09-09
Служител, извършил регистрацията/редакцията ГГГ
Наличности
Код за отписване Код за изгубен артикул Код за повреда Коз за рестрикции Код за отдаване Артикулен № Име на библиотеката - собственик Име на библиотеката, в която се намира в момента Статус (Текущо местоположение) Дата на вписване в системата Местоположение - отдел Цена в лева Инвентарен номер Систематично азбучна сигнатура Баркод Номер на екземпляра Цена в евро Служебна бележка Служебен тип на артикула Източник на класификационната схема
  Не е изгубен Не е повреден без рестрикции заемане за дома 307505 Регионална библиотека "Любен Каравелов" Русе Регионална библиотека "Любен Каравелов" Русе Заемна - подръчен фонд 2016-05-31 Заемна - подръчен фонд 20.00 120000800469 П 339/М 32 120000800469 1 10.23 Дост: Pk Вид: Ф N: 2051 Дата: 26.05.2016 Дата инв: 05.02.2018 Бележки инв: П2018 Книги  
  Не е изгубен Не е повреден   ползва се в читалня 904272 Регионална библиотека "Любен Каравелов" Русе Регионална библиотека "Любен Каравелов" Русе Хранилище 2022-09-14 Хранилище 20.00   Цб 314281 120000876652   10.23   Книги Universal Decimal Classification
Vip Innovations Ltd, Rousse, Bulgaria 2025